书目信息

书名: 中国产业新城发展报告2024-2025 
作者: 刘珂 主编
出版信息: 北京   社会科学文献出版社  2025.5
开本页数: 24cm  283页
丛书名: 产业新城蓝皮书
单 册:
中图分类: F299
科图分类:
主题词: 城市发展战略--cheng shi fa zhan zhan lve--研究报告--中国--2024-2025
电子资源:
ISBN: 978-7-5228-5251-5
000 01762nam 2200337 450
001 012025000173
005 20250714092116.4
010    @a978-7-5228-5251-5@dCNY128.00
100    @a20250609d2025 em y0chiy50 ea
101 @achi
102    @aCN@b110000
105    @aak a 000yy
106    @ar
200 @a中国产业新城发展报告@Azhong guo chan ye xin cheng fa zhan bao gao@h2024-2025@d= Annual report on China industrial new city@h2024-2025@f主编刘珂@zeng
205    @a2025版
210    @a北京@c社会科学文献出版社@d2025.5
215    @a283页@c图@d24cm
225 @a产业新城蓝皮书@Achan ye xin cheng lan pi shu@vNo. 5
225 @a中国式现代化研究丛书@Azhong guo shi xian dai hua yan jiu cong shu@i智库系列
314    @a刘珂, 博士, 郑州轻工业大学经济与管理学院教授, 硕士生导师。
320    @a有书目
330    @a本书由总报告、新质生产力篇、产业新城篇和典型案例篇四部分构成, 以“新质生产力与产业新城高质量发展”为主题, 客观评估了当前我国新质生产力的发展态势和新质生产力促进产业新城高质量发展的现状、趋势与制约因素, 全面总结了新质生产力在推进产业新城高质量发展中的成就与问题, 深入探讨了新质生产力促进产业新城高质量发展的机制与路径, 并从多个视角提出了新质生产力推进产业新城高质量发展的思路与对策建议。本书对于新质生产力培育和产业新城高质量发展具有重要的理论价值和实践指导意义。
410  0 @12001 @a产业新城蓝皮书@vNo. 5
410  0 @12001 @a中国式现代化研究丛书@i智库系列
510 @aAnnual report on China industrial new city@h2024-2025@zeng
516 @a2025产业新城蓝皮书@A2025 chan ye xin cheng lan pi shu
606 @a城市发展战略@Acheng shi fa zhan zhan lve@x研究报告@y中国@z2024-2025
690    @aF299@v5
701  0 @a刘珂@Aliu ke@4主编
801  0 @aCN@bCDNYKJZYXY@c20250609
905    @aCDNYKJZYXY@b300726879-80@dF299@e352@f2
    
    中国产业新城发展报告.2024-2025= Annual report on China industrial new city.2024-2025/主编刘珂.-2025版.-北京:社会科学文献出版社,2025.5
    283页:图;24cm.-(产业新城蓝皮书;No. 5).-(中国式现代化研究丛书.智库系列)
    
    
    ISBN 978-7-5228-5251-5:CNY128.00
    本书由总报告、新质生产力篇、产业新城篇和典型案例篇四部分构成, 以“新质生产力与产业新城高质量发展”为主题, 客观评估了当前我国新质生产力的发展态势和新质生产力促进产业新城高质量发展的现状、趋势与制约因素, 全面总结了新质生产力在推进产业新城高质量发展中的成就与问题, 深入探讨了新质生产力促进产业新城高质量发展的机制与路径, 并从多个视角提出了新质生产力推进产业新城高质量发展的思路与对策建议。本书对于新质生产力培育和产业新城高质量发展具有重要的理论价值和实践指导意义。
相关链接 在五车中查询图书 在当当中查询图书 在豆瓣中查询图书


正题名:中国产业新城发展报告     索取号:F299/352         预约/预借

序号 登录号 条形码 馆藏地/架位号 状态 备注
1 726879   300726879   柳城-5楼/10架6列6层/ [索取号:F299/352] 在馆    
2 726880   300726880   柳城-5楼/10架6列6层/ [索取号:F299/352] 在馆